| 000 | 00808nam a22002177a 4500 | ||
|---|---|---|---|
| 005 | 20100816103249.0 | ||
| 010 | _aENG-100379 | ||
| 020 |
_a9788171640560 _c650.00 |
||
| 035 | _aEN-83911 | ||
| 037 | _bDBAD/PUB | ||
| 082 | _a721.84 | ||
| 100 |
_aRenuka, S. _913708 |
||
| 245 |
_aHousing and space management / _cby S. Renuka [and] Mahalakshmi V. Reddy |
||
| 260 |
_aNew Delhi _bIndian Council of Agricultural Research _c2009 |
||
| 270 |
_aKrishi Anusandhan Bhavan-I, Pusa _bNew Delhi _e110012 |
||
| 300 |
_axii,382p.: _bill. _c25cm (Hb) |
||
| 500 | _aIncludes index | ||
| 700 |
_aReddy, Mahalakshmi V. _913709 |
||
| 942 |
_2ddc _cEN _h721.84 _mREN |
||
| 999 |
_c42049 _d42049 |
||